Dostavba prieluky, Radlinského ulica, Bratislava

Enregistré dans:
Détails bibliographiques
Auteur principal: Babiczová, Veronika (Auteur)
Autres auteurs: Macháčová, Klára (Directeur de thèse)
Format: Manuscrit Livre
Langue:slovaque
Publié: Bratislava 2022
Sujets:
Accès en ligne:http://is.stuba.sk/zp/portal_zp.pl?podrobnosti=152753
Tags: Ajouter un tag
Pas de tags, Soyez le premier à ajouter un tag!

MARC

LEADER 00000ntm a22000003a 4500
001 stuzp89572
003 SK-STU
005 20221025104702.9
007 ta
008 150427s2015----xo-----f-mn---000-0-slo-d
040 |a STU  |b slo 
041 0 |a slo 
100 1 |a Babiczová, Veronika  |u 052120  |4 aut  |U FAD Fakulta architektúry a dizajnu  |T FAD Ústav ekologickej a experimentálnej architektúry  |X 99358  |U A2120  |Y 393  |7 99358 
242 0 1 |a Gap Building, Radlinského Street, Bratislava  |y eng 
245 1 0 |a Dostavba prieluky, Radlinského ulica, Bratislava 
260 |c 2022  |a Bratislava 
650 4 |a denné centrum  |2 slo 
650 4 |a seniori  |2 slo 
650 4 |a prieluka  |2 slo 
650 4 |a gap  |2 eng 
650 4 |a day care center  |2 eng 
650 4 |a seniors  |2 eng 
700 1 |a Macháčová, Klára  |u 052120  |k Z8  |4 ths  |U FAD Fakulta architektúry a dizajnu  |T FAD Ústav ekologickej a experimentálnej architektúry  |X 42509  |U A2120  |Y 393  |7 A000042509 
856 4 |u http://is.stuba.sk/zp/portal_zp.pl?podrobnosti=152753  |u https://opac.crzp.sk/?fn=detailBiblioForm&sid=62A48EA6D8C294D558C6BB542714